|
|
|
|
| LEADER |
00000nam a2200000Ia 4500 |
| 008 |
170202b2008 cr a|||| |||| 00| | spa d |
| 999 |
|
|
|c 460
|d 460
|
| 020 |
|
|
|a 9789968251488
|
| 090 |
|
|
|a 05.03.01
|b 1643
|
| 110 |
2 |
|
|a Instituto Nacional de las Mujeres
|9 1766
|
| 245 |
|
|
|a Fortaleciendo mis capacidades para una mejor calidad de vida: Mi cuaderno de vida /
|c Instituto Nacional de las Mujeres
|
| 260 |
|
|
|a San José, C.R :
|b INAMU,
|c 2008
|
| 300 |
|
|
|a 244 páginas
|
| 490 |
|
|
|a Colección Tenemos derecho a tener derechos
|
| 500 |
|
|
|a Programa Avanzamos Mujeres
|
| 650 |
1 |
0 |
|a CALIDAD DE LA VIDA
|9 3974
|
| 650 |
1 |
4 |
|9 626
|a DESARROLLO DE CAPACIDADES
|
| 650 |
1 |
4 |
|a DESARROLLO HUMANO
|9 77
|
| 650 |
1 |
4 |
|a POBREZA
|9 263
|
| 650 |
1 |
4 |
|a VIOLENCIA CONTRA LAS MUJERES
|9 85
|
| 650 |
1 |
4 |
|a FAMILIA
|9 404
|
| 650 |
1 |
4 |
|a SALUD
|9 268
|
| 650 |
1 |
4 |
|a EDUCACIÓN
|9 1
|
| 942 |
|
|
|i 003170
|h 05.03.01 1643
|2 z
|c 01
|